Zelda Tears of the Kingdom Monsters and Bosses - Statistics

General Stats
  • This quiz has been taken 703 times
  • The average score is 60 of 136
Answer Stats
Answer Type % Correct
Armored Bokoblin Monster
96%
Black Bokoblin Monster
96%
Blue Bokoblin Monster
96%
Red Bokoblin Monster
96%
Silver Bokoblin Monster
96%
Stalkoblin Monster
96%
Black Moblin Monster
94%
Blue Moblin Monster
94%
Red Moblin Monster
94%
Silver Moblin Monster
94%
Stalmoblin Monster
94%
Blue hinox Boss
84%
Hinox Boss
84%
Black Lizalfos Monster
83%
Blue Lizalfos Monster
82%
Electric Lizalfos Monster
82%
Fire Breath Lizalfos Monster
82%
Ice Breath Lizalfos Monster
82%
Lizalfos Monster
82%
Silver Lizalfos Monster
82%
Stalizalfos Monster
82%
Phantom Ganon Boss
81%
Blue-Maned Lynel Mini-Boss
77%
Lynel Mini-Boss
77%
Silver Lynel Mini-Boss
77%
White-Maned Lynel Mini-Boss
77%
Battle Talus Boss
71%
Gloom Talus Boss
71%
Igneo Talus Boss
71%
Luminous Talus Boss
71%
Talus Boss
71%
Electric Keese Monster
67%
Fire Keese Monster
67%
Ice Keese Monster
67%
Keese Monster
67%
Queen Gibdo Boss
67%
Chuchu Monster
65%
Electric Chuchu Monster
65%
Fire Chuchu Monster
65%
Ice Chuchu Monster
65%
Frost Talus Boss
64%
Gibdo Monster
60%
Moth Gibdo Monster
60%
Flame Gleeok Boss
54%
Frost Gleeok Boss
54%
King Gleeok Boss
54%
Thunder Gleeok Boss
54%
Colgera Boss
53%
Mucktorok Boss
53%
Forest Octorok Monster
51%
Rock Octorok Monster
51%
Snow Octorok Monster
51%
Treasure Octorok Monster
51%
Water Octorok Monster
51%
Frox Boss
50%
Little Frox Monster
50%
Obsidian From Boss
50%
White-Blue From Boss
50%
Marbled Gohma Boss
46%
Molduga Mini-Boss
46%
Horriblin Monster
44%
Like Like Monster
44%
Muck Like Monster
44%
Rock Like Monster
44%
Shock Like Monster
44%
Black Boss Bokoblin Mini-Boss
43%
Black Horriblin Monster
43%
Blue Boss Bokoblin Mini-Boss
43%
Blue Horriblin Monster
43%
Gloom Hands Mini-Boss
43%
Ice Like Monster
43%
Red Boss Bokoblin Mini-Boss
43%
Silver Boss Bokoblin Mini-Boss
43%
SIlver Horriblin Monster
43%
Soldier Construct I Monster
41%
Soldier Construct II Monster
41%
Soldier Construct III Monster
41%
Soldier Construct IV Monster
41%
Yiga Blademaster Monster
39%
Yiga Footsoldier Monster
39%
Flux Construct I Boss
38%
Flux Construct II Boss
38%
Flux Construct III Boss
38%
Flux Construct IV Boss
38%
Aerocuda Monster
35%
Gloom Aerocuda Monster
35%
Captain Construct I Mini-Boss
33%
Captain Construct II Mini-Boss
33%
Captain Construct III Mini-Boss
33%
Captain Construct IV Mini-Boss
33%
Blizzrobe Monster
30%
Electric Wizzrobe Monster
30%
Fire Wizzrobe Monster
30%
Ice Wizzrobe Monster
30%
Meteo Wizzrobe Monster
30%
Thunder Wizzrobe Monster
30%
Frost Pebblit Monster
24%
Igneo Pebblit Monster
24%
Stone Pebblit Monster
24%
Gloom Black Bokoblin Monster
14%
Gloom Blue Bokoblin Monster
14%
Gloom Red Bokoblin Monster
14%
Gloom Silver Bokoblin Monster
14%
Gloom Black Moblin Monster
13%
Gloom Blue Moblin Monster
13%
Gloom Red Moblin Monster
13%
Gloom Silver Moblin Monster
13%
Evermean Monster
12%
Gloom Black Lizalfos Monster
12%
Gloom Blue Lizalfos Monster
12%
Gloom Lizalfos Monster
12%
Gloom Silver lizalfos Monster
12%
Moragia Boss
12%
Gloom Electric Keese Monster
9%
Gloom Fire Keese Monster
9%
Gloom Ice Keese Monster
9%
Gloom Keese Monster
9%
Gloom Lynel Mini-Boss
9%
Gloom Chuchu Monster
8%
Gloom Electric Chuchu Monster
8%
Gloom Fire Chuchu Monster
8%
Training Construct Neutral
6%
Gloom Black Horriblin Monster
5%
Gloom Blue Horriblin Monster
5%
Gloom Horriblin Monster
5%
Gloom Like Like Monster
5%
Gloom Rock Like Like Monster
5%
Gloom SIlver Horriblin Monster
5%
Gloom Black Boss Bokoblin Mini-Boss
4%
Gloom Blue Boss Bokoblin Mini-Boss
4%
Gloom Red Boss Bokoblin Mini-Boss
4%
Gloom Silver Boss Bokoblin Mini-Boss
4%
Gloom Pebblit Monster
3%
Gloom Blue-Maned Lynel Mini-Boss
1%
Gloom Silver Lynel Mini-Boss
1%
Gloom White-Maned Lynel Mini-Boss
1%
No matching quizzes found
Score Distribution
Percent of People with Each Score
Percentile by Number Answered
Your Score History
You have not taken this quiz